000 00951nam a22002537a 4500
999 _c4394
_d4394
003 AR-CdUCM
008 190308b ||||| |||| 00| 0 spa d
040 _aMUNICIPALIDAD PROVINCIAL DEL CUSCO
_cBIBLIOTECA MUNICIPAL DEL CUSCO
041 _hger
082 _a784 /
_bW21
100 _aWaltershausen, Hermann Wolfgang von
_913865
245 _aEl arte de la dirección orquestal /
260 _aMéxico :
_bUTEHA,
_c1966.
300 _aVI,171 páginas ;
_bfiguras,
_c17 cm.
440 _aManuales Uteha.
_n240-240a
_913866
440 _aSección arte.
_n11
_913867
505 _aContenido: Evolución histórica del arte de dirigir -- El director como fenómeno artístico -- La técnica del compás -- Esbozo de una teoría del estilo del arte de dirigir.
650 _aOrquesta
_913868
650 _aEvolución histórica
_913869
650 _aArte
_9561
700 _aGerhard, Carlos (traducción)
_96079
942 _2ddc
_cLIBROS
945 _aachl